[Event "Bastia CC Winter op 34th"]
[Site "Bastia"]
[Date "2009.01.21"]
[Round "4"]
[White "Gilles, Raphael"]
[Black "Bettini, Joseph"]
[Result "1-0"]
[WhiteElo "1410"]
[BlackElo "1099"]
[PlyCount "31"]
[EventDate "2009.01.18"]
[EventType "swiss"]
[EventRounds "7"]
[EventCountry "FRA"]
[SourceTitle "EXT 2010"]
[Source "ChessBase"]
[SourceDate "2010.11.25"]
[SourceVersion "1"]
[SourceVersionDate "2010.11.25"]
[SourceQuality "1"]

1. Nf3 d5 2. d4 Nf6 3. Nc3 Nc6 4. Bg5 Ng4 5. h3 Nf6 6. Bxf6 exf6 7. e3 f5 8. Bb5 Bd7 9. Bxc6 Bxc6 10. Qd3 a6 11. Qxf5 Bd7 12. Qe5+ Be7 13. Nxd5 0-0 14. Nxe7+ Kh8 15. Nf5 Re8 16. Qxg7# 1-0